000 00475nab a2200145Ia 4500
003 ES-SlBCS
005 20210601124324.0
008 140529s1993 xxu||||| |||| 00| 0 eng d
041 _aeng
100 1 _aAnderson, James D.
_9139709
245 0 0 _aPower, Privilege, and Public Education: Reflections on Savage Inequalities
_c James D. Anderson
650 0 4 _aPoder-Privilegios
_9139710
773 0 _tEducational Theory
_gvol. 43, nº. 1, 1993, págs. 1-10
_wRev1399
942 _cAR
999 _c512919
_d512919